LDR 00642naa#a2200181#i#450# 001 EN\INFRA-M\bibl\117354 005 20260701034833.3 011 ## _a2500-333X 100 ## _a20260618b2026####ek#y0engy0150####ca 102 ## _aRU 200 1# _aThe role of artificial intelligence in legal proceedings: an auxiliary tool or an element of decision-making? _eJournal article 210 1# _aMoscow _cINFRA-M Academic Publishing LLC. _d2026 215 ## _a7 с. 608 ## _aJournal article _2local 675 ## _aПраво. Юридические науки. 34 _z 700 #1 _aKravchuk _gElizaveta Aleksandrovna 700 #1 _aSeleznev _gRoman Nikolaevich 856 4# _anaukaru.ru _u